| 000 | 04589nam a2200421 i 4500 | ||
|---|---|---|---|
| 003 | EG-GICUC | ||
| 005 | 20260330130247.0 | ||
| 008 | 260330s2026 ua |||f m||| 00| 0 ara d | ||
| 040 |
_aEG-GICUC _cEG-GICUC _dEG-GICUC _erda _bara |
||
| 041 | 0 |
_aara _bara _dara |
|
| 049 | _aإهداء | ||
| 082 | 0 | 4 |
_a348.8 _221 |
| 097 | _aPh.D | ||
| 099 | _aLaw 05 PHD 2026 | ||
| 100 | 0 |
_aعمرو سيد حسن هاشم _eمؤلف. |
|
| 245 | 1 | 0 |
_a"تسوية المنازعات الناشئة عن الحقوق المالية والتجارية داخل نشاط كرة القدم بين التحكيم والتقاضي" / _cإعداد عمرو سيد حسن هاشم؛ إشراف الأستاذ الدكتور أحمد فاروق وشاحي. |
| 264 | 0 |
_aالقاهرة: _bكلية الحقوق- جامعة القاهرة، _c2026. |
|
| 300 |
_a377 صفحة؛ _c25 سم. |
||
| 336 |
_atext _2rda content |
||
| 337 |
_aComputer _2rda media |
||
| 338 |
_aOnline Resource _2rda carrier |
||
| 500 | _aFR | ||
| 502 | _a أطروحة (دكتوراة)- جامعة القاهرة، كلية الحقوق، قسم القانون التجاري، 2026. | ||
| 504 | _aببليوجرافيا: صفحات 358-372 | ||
| 520 | 3 | _aتعالج هذه الدراسة الإشكالية المتنامية في تنظيم وتسوية المنازعات المتعلقة بالحقوق المالية والتجارية داخل نشاط كرة القدم المصري، في ضوء التحولات الكبرى التي شهدها هذا النشاط من الهواية إلى الاحتراف وتبرز الرسالة اتساع الفجوة بين الممارسة المحلية والتطورات التنظيمية واللائحية على الصعيد الدولي، مما أدى إلى تراكم الأزمات وغياب حلول قانونية فعالة. تهدف الدراسة إلى بيان مختلف الحقوق المالية والتجارية الأطراف منظومة كرة القدم في مصر، وتحديد وسائل تسوية المنازعات الناشئة بشأنها. وقد تم تقسيم الدراسة إلى بابين أساسيين: تناول الأول تفصيل تلك الحقوق ومظاهر تداخلها بين أطراف المنظومة، بينما خصص الثاني لبحث وسائل تسوية المنازعات على المستويين المحلي والدولي. اعتمدت الدراسة المنهج التحليلي المقارن، مستندة إلى القوانين المصرية واللوائح الدولية مثل لوائح الاتحاد الدولي لكرة القدم (FIFA) ، ولا سيما ما يتعلق بالحقوق المالية والتجارية المتداخلة لأطراف المنظومة، فضلاً عن تسوية المنازعات الناشئة عنها بالدراسة التفصيلية لنظم تسوية المنازعات على المستوى الدولي، وما يقابلها من نظم لتسوية المنازعات وفقاً للقوانين واللوائح المصرية. وتوصلت إلى أن النظام القانوني المصري لا يزال يعاني من ثغرات تنظيمية واضحة. أوصت الدراسة بضرورة تحديث شامل للتشريعات الرياضية المصرية، بما يضمن مواءمتها مع المعايير الدولية، ووضع آليات واضحة ومستقلة لرقابة الإنفاق المالي، وتفعيل مبادئ الحوكمة والامتثال مع تعزيز الدور المحوري لآليات تسوية المنازعات ذات الطابع الرياضي على المستوى الوطني وبما يكفل استقرار الحقوق والمراكز القانونية لكافة أطراف النشاط الرياضي في مصر. | |
| 546 | _aالنص بالعربية والملخص باللغة الإنجليزية والعربية. | ||
| 650 | 0 | 4 | _aالقانون التجاري |
| 653 | 0 | _aالتحكيم | |
| 653 | 0 | _aالتقاضي | |
| 655 | 4 |
_aرسائل جامعية _zجامعة القاهرة _xالقانون التجاري |
|
| 700 | 0 |
_aخليل فيكتور تادرس _eمشرف. |
|
| 700 | 0 |
_aأحمد فاروق وشاحي _eمشرف. |
|
| 710 | 2 |
_aجامعة القاهرة. _bكلية الحقوق |
|
| 856 | _uhttps://fll.law.cu.edu.eg/fulltext/th/T05-02874.pdf | ||
| 900 |
_b2026 _Uجامعة القاهرة _Fكلية الحقوق _Dقسم القانون التجاري |
||
| 905 | _a64 | ||
| 942 |
_2ddc _cTH _e21 _n0 |
||
| 999 | _c67559 | ||